00551pam a2200193 a 4500001000800000005001700008008004100025010001700066020001500083040002300098041000800121060002200129080001700151082002100168100000600189101000800195245009000203504006400293110651020180208034849.0930205s1993 nyu b 001 0 eng c a 93018395  a1850704872 aDNLM/DLCcDLCdDLC aeng aWB 290 A365m 1993 a616.0751 ALD00a616.0751 ALD2201 a3 aSHM14aThe medical interview :cC. Knight Aldrich ; with a foreword by Edmund D. Pellegrino. aIncludes bibliographical references (p. 117-121) and index.